20 Meilleurs joueurs de l'OL - Statistiques

Statistiques générales
  • Ce quiz a été pris 8 fois
  • Le résultat moyen est 18 sur 20
Statistiques - réponses
Par images Réponse % Correct
Alexandre Lacazette
100%
Anthony Lopez
100%
Ben Arfa
100%
Corentin Tolisso
100%
Hugo Lloris
100%
Juninho
100%
Karim Benzema
100%
Memphis Depay
100%
Rayan Cherki
100%
Samuel Umtiti
100%
Bafétimbi Gomis
88%
Cris
88%
Florent Malouda
88%
Grégory Coupet
88%
Sydney Govou
88%
Fleury DiNallo
75%
Sonny Anderson
75%
Bernard Lacombe
63%
Edmilson
63%
Lisandro Lopez
63%
Aucun quiz correspondant
Distribution des résultats
% des personnes avec chaque résultat
Percentile par nombre de réponses
Votre historique - résultats
Vous n’avez pas pris ce quiz